000 01058cam a22002411i 4500
003 SA_RiAUC
005 20250813050207.0
008 250810s2006 jo g 000 0 ara c
040 _aSA-JeALM
_bara
_cSA-RiAUC
_erda
082 0 4 _a259
_qSA-RiAUC
090 _a259
_bا ب ن ج
100 1 _aابن الجوزي، عبد الرحمن بن علي بن محمد،
_d508-597 هجري
_eمؤلف.
245 1 0 _aتعظيم الفتيا /
_cأبو الفرج عبد الرحمن بن علي بن محمد الجوزي. قدم له وخرج أحاديثه ابوعبيدة مشهور بن حسن ال سلمان.
264 1 _aعمان، الأردن :
_bدار الأثرية،
_c[بين 1900 و1999]
300 _a159 صفحة ؛
_c24 سم
336 _aنص
_btxt
_2rdacontent
_3كتاب
337 _aبدون وسيط
_bn
_2rdamedia
650 7 _aالإفتاء
_2aucsh
650 7 _aالفقه الإسلامي
_2aucsh
700 _aال سلمان، مشهور بن حسن.
_eمحقق.
942 _2ddc
_cBOOK
_n0
949 _aSA-JeALM
_d250810
_uosman123
_n1
999 _c10777
_d10777